№ 3; Исследование Земли из космоса

מידע ביבליוגרפי
Parent link:Исследование Земли из космоса: научный журнал/ Академия наук СССР (АН СССР). № 3.— , 1980-.— 0205-9614
שפה:רוסית
יצא לאור: 1982
פורמט: MixedMaterials ספר
KOHA link:https://koha.lib.tpu.ru/cgi-bin/koha/opac-detail.pl?biblionumber=502644

MARC

LEADER 00000nam2a2200000 4500
001 502644
005 20231101102414.0
035 |a (RuTPU)RU\TPU\prd\173227 
035 |a RU\TPU\prd\173221 
090 |a 502644 
100 |a 20130401a19829999k y0rusy50 ca 
101 0 |a rus 
102 |a RU 
200 0 |a № 3 
210 |d 1982 
461 1 |0 (RuTPU)RU\TPU\prd\1522  |x 0205-9614  |t Исследование Земли из космоса  |o научный журнал  |f Академия наук СССР (АН СССР)  |v № 3  |d 1980- 
801 0 |a RU  |b 63413507  |c 20010227  |g PSBO 
801 1 |a RU  |b 63413507  |c 20110311 
801 2 |a RU  |b 63413507  |c 20130401  |g RCR 
942 |c BK 
999 |a НТБ_ТПУ  |b НФ  |e -4/20130109  |p П-9082  |u 0,00  |v 1